000 01220nmc a2200409 a 4500
003 AR-BaBNM
005 20251128204527.0
008 011101s1994 ||||||||||||||000 | spa||
020 _a950-16-3060-9
040 _cAR-BaBNM
245 1 0 _aLos cambios mundiales y la enseñanza de la geografía
260 _aBuenos Aires
_bTroquel
_c1994
300 0 _a195 p.
_bil., mapas, gráfs.
490 0 _aTroquel educación
500 0 _aContiene referencias
504 _aContiene bibliografía
650 4 _aENSENANZA DE LA GEOGRAFIA
650 4 _aMETODOS DE ENSENANZA
650 4 _aPROGRAMAS DE ESTUDIOS
650 4 _aACTIVIDADES DE APRENDIZAJE
650 4 _aMATERIAL DIDACTICO
650 4 _aJUEGOS EDUCATIVOS
650 4 _aEXPERIENCIA PEDAGOGICA
650 4 _aCURRICULO
650 4 _aENSENANZA DE LAS CIENCIAS SOCIALES
653 0 _aEDUCACION GENERAL BASICA
653 0 _aEDUCACION POLIMODAL
700 1 _aLara, Albina L.
700 1 _aDurán, Diana
700 1 _aBertone de Daguerre, Celia
700 1 _aPironio, Susana
_ecolaborador
700 1 _aSantiago, Beatriz
_ecolaborador
700 1 _aLeclercq, Graciela
800 1 _aHernáiz, Ignacio
_edirector
942 _cBK
998 _cGrace
999 _c7788
_d7788